00838cam a22002891 4500001001300000003000400013005001700017008004100034010001700075025001900092035002000111040001700131042001200148050001700160082001000177100003300187245003000220250001400250260004400264300001800308490006800326490004800394650002500442650002600467830003800493999001700531sa 67002753 DLC20260227112333.0840913s1966 ii 000 0 eng  asa 67002753  aPL480:I-E-7705 a(OCoLC)11151430 aDLCcWUdDLC apremarc00aB5134.O8bQ4 a901.91 aOsborne, Arthur,d1906-1970.14aThe question of progress. a[1st ed.] aBombay,bBharatiya Vidya Bhavan,c1966. a54 p.c19 cm.1 aPrincipal Miller Endowment lectures of Madras University,v19650 aBhavan's Book University. Rupee series,v51 0aHistoryxPhilosophy. 0aReligionxPhilosophy. 0aPrincipal Miller lecture ;v1965. c73412d73412